MARC

LEADER 00000nam0a2200000 4500
001 352758
005 20231102010529.0
035 |a (RuTPU)RU\TPU\retro\9543 
090 |a 352758 
100 |a 20200205d1911 k y0gery50 ba 
101 0 |a ger 
102 |a DE 
105 |a a z 000zy 
200 1 |a Eine neue Verwendung des Gubeisens bei Säulen und Bogenbrucken  |f F. von Emperger 
210 |a Berlin  |c Verlag von Wilhelm Ernst & Sohn  |d 1911 
215 |a 15 s.  |c il. 
316 |5 63413507: КР-6761  |a На с. 1 владельческий штамп Механической лаборатории Томского Технологического Института Императора Николая II 
541 1 |a Новое использование чугуна для строительства колонн и арочных мостов  |z ger 
606 1 |a Опоры  |2 stltpush  |3 (RuTPU)RU\TPU\subj\47075  |9 66142 
610 1 |a арочные мосты 
610 1 |a колонны 
610 1 |a арочные своды 
610 1 |a чугун 
610 1 |a трубы 
610 1 |a речные опоры 
610 1 |a нагрузки 
610 1 |a надежность 
610 1 |a прочность 
610 1 |a разрушения 
610 1 |a испытания 
610 1 |a выводы 
610 1 |a анализ 
610 1 |a расчеты 
610 1 |a немецкий язык 
675 |a 624.075  |v 4 
700 1 |a Emperger  |b F. von 
801 1 |a RU  |b 63413507  |c 20200205 
801 2 |a RU  |b 63413507  |c 20200617  |g RCR 
942 |c BK